000 00972cam a2200241 4500
001 ABS61224
008 000000n1999 000 0 eng u
035 _a(Sirsi) u101824
100 _aNelson, R.
245 _aCutting one's coat to suit.
260 _c1999
490 _aProperty Week
_v64(35) 10 September 1999, 38-39(2)
520 _aInterview with the executives of Greycoat Estates about their decision to leave the Stock Exchange. For a small company toward the bottom of the Stock Exchange listings it was hard to raise finance and becoming private has freed them from the restrictions imposed by corporate governance and from problems with speculative investors.
650 _aGREYCOAT
650 _aSTOCK EXCHANGE
650 _aSTOCK MARKET
650 _aLISTED COMPANIES
650 _aSTOCK EXCHANGE LISTING
650 _aPRIVATE COMPANIES
650 _aCORPORATE GOVERNANCE
690 _aPROPERTY-PROPERTY FINANCE AND INVESTMENT
942 _n0
999 _c60936
_d60936